Management Information Systems / (Record no. 609)

000 -LEADER
fixed length control field 00694nam a2200217 a 4500
008 - FIXED-LENGTH DATA ELEMENTS--GENERAL INFORMATION
fixed length control field 190925r20062011ii a|||g |||| 001 0 eng d
020 ## - INTERNATIONAL STANDARD BOOK NUMBER
International Standard Book Number 9788131501740
Terms of availability Rs. 495.00
040 ## - CATALOGING SOURCE
Original cataloging agency IMU Kochi Library
Language of cataloging eng
041 0# - LANGUAGE CODE
Language code of text/sound track or separate title eng
044 ## - COUNTRY OF PUBLISHING/PRODUCING ENTITY CODE
MARC country code India
082 04 - DEWEY DECIMAL CLASSIFICATION NUMBER
Edition number 23
Classification number 658.4038011
Item number Oz1
100 1# - MAIN ENTRY--PERSONAL NAME
Personal name Oz, Effy
245 10 - TITLE STATEMENT
Title Management Information Systems /
260 ## - PUBLICATION, DISTRIBUTION, ETC. (IMPRINT)
Place of publication, distribution, etc New Delhi :
Name of publisher, distributor, etc Cengage Learning India Private Limited,
Date of publication, distribution, etc 2006, reprint 2011
300 ## - PHYSICAL DESCRIPTION
Extent 440 p. :
Other physical details ill. ;
Dimensions 24 cm.
650 #0 - SUBJECT ADDED ENTRY--TOPICAL TERM
Topical term or geographic name as entry element Sociotechnical systems
General subdivision Dashboards (Management information systems)
Form subdivision Textbooks
650 #0 - SUBJECT ADDED ENTRY--TOPICAL TERM
Topical term or geographic name as entry element Sociotechnical systems
General subdivision Enterprise resource planning
Form subdivision Textbooks
852 ## - LOCATION/CALL NUMBER
Location IMU Kochi Library
904 ## - LOCAL DATA ELEMENT D, LDD (RLIN)
CATALOGER Shine Joy
942 ## - ADDED ENTRY ELEMENTS (KOHA)
Item type Books
Holdings
Withdrawn status Lost status Source of classification or shelving scheme Damaged status Not for loan Collection code Permanent location Current location Shelving location Date acquired Source of acquisition Cost, normal purchase price Total Checkouts Full call number Barcode Date last seen Date last borrowed Koha item type Public note
          Management Studies IMU Kochi Library IMU Kochi Library General Stacks 2012-11-12 M/S World Book Service (Inv. No. 622 Dt 2012-11-05) 495.00 1 658.4038011 Oz1 BK002156 2022-05-30 2022-05-30 Books Gen. Shelf-30, Row-6
          Management Studies IMU Kochi Library IMU Kochi Library General Stacks 2012-11-12 M/S World Book Service (Inv. No. 622 Dt 2012-11-05) 495.00   658.4038011 Oz1 BK002157 2019-09-25   Books Gen. Shelf-30, Row-6


Copyright © All Rights Reserved by Indian Maritime University, Kochi Campus.
For any Suggestions/Query Contact to library or Email: library.kochi@imu.ac.in Ph:(0484)-2989402
(Web OPAC Designed by Rudra Ranjan. Maintained by IMU Kochi Library)

Powered by Koha